000 01208cad a22002535a 4500
001 L153606
008 110809e20110722xxkd f s 000 0 eng d
035 _a(Sirsi) u153606
041 0 _aeng
050 0 4 _a333.33 $2 18
110 2 _aRoyal Institution of Chartered Surveyors
_bEconomics
_95033
245 0 0 _aRICS global real estate weekly
_b29 July 2011
_h[electronic resource]
260 _aLondon
_bRICS
_c2011
490 0 _aRICS Global Real Estate Weekly
_v29 July 2011
520 _aChina's property market flying in face of 'cooling' measure. Australian house prices to rebound as interest rates remain on hold for now. Real estate in Germany and France remain firm despite weaker business sentiment. US construction sector still a drag on the recovery.
590 _aKA
650 2 4 _aRICS GLOBAL REAL ESTATE WEEKLY
651 4 _aInternational
690 _aBUILT ENVIRONMENT-CONSTRUCTION MARKET
690 _aPROPERTY-COMMERCIAL PROPERTY-COMMERCIAL PROPERTY MARKET
690 _aPROPERTY-RESIDENTIAL PROPERTY-RESIDENTIAL PROPERTY MARKET
856 4 0 _uhttps://www.rics.org/site/download_feed.aspx?fileID=10065&fileExtension=PDF
_zView the report free of charge at www.rics.org
942 _n0
999 _c112605
_d112605